00313nam a2200121Ia 4500008004100000041000800041082001200049100001700061245004500078260002700123300002900150365001200179240624s9999 xx 000 0 und d aeng a200 LES aLESLIE JULIA aAUTHORITY AND MEANING IN INDIA RELIGIONS c2003aEnglandbAshgate ax, : 241 : p. : cm. ; 23 cBPSb35